<?xml version="1.0" encoding="UTF-8"?><?xml-stylesheet type="text/xsl" href="static/style.xsl"?><OAI-PMH xmlns="http://www.openarchives.org/OAI/2.0/" xmlns:xsi="http://www.w3.org/2001/XMLSchema-instance" xsi:schemaLocation="http://www.openarchives.org/OAI/2.0/ http://www.openarchives.org/OAI/2.0/OAI-PMH.xsd"><responseDate>2026-04-14T02:18:16Z</responseDate><request verb="GetRecord" identifier="oai:www.recercat.cat:2117/116025" metadataPrefix="marc">https://recercat.cat/oai/request</request><GetRecord><record><header><identifier>oai:recercat.cat:2117/116025</identifier><datestamp>2025-07-23T06:18:28Z</datestamp><setSpec>com_2072_1033</setSpec><setSpec>col_2072_452951</setSpec></header><metadata><record xmlns="http://www.loc.gov/MARC21/slim" xmlns:dcterms="http://purl.org/dc/terms/" xmlns:xsi="http://www.w3.org/2001/XMLSchema-instance" xmlns:doc="http://www.lyncode.com/xoai" xsi:schemaLocation="http://www.loc.gov/MARC21/slim http://www.loc.gov/standards/marcxml/schema/MARC21slim.xsd">
   <leader>00925njm 22002777a 4500</leader>
   <datafield ind2=" " ind1=" " tag="042">
      <subfield code="a">dc</subfield>
   </datafield>
   <datafield ind2=" " ind1=" " tag="720">
      <subfield code="a">Gálvez Ruano, Xavier</subfield>
      <subfield code="e">author</subfield>
   </datafield>
   <datafield ind2=" " ind1=" " tag="260">
      <subfield code="c">2017-06</subfield>
   </datafield>
   <datafield ind2=" " ind1=" " tag="520">
      <subfield code="a">El presente trabajo tiene como objetivo diseñar una máquina de corte y enderezado de varilla, así como ofrecer información en lo referente al procedimiento y causas del enderezado de la varilla mediante el método empleado (flexión rotativa), así como mostrar las partes que la componen y los cálculos necesarios para el diseño de ésta.&#xd;
El documento se estructura en tres grandes bloques:&#xd;
En la primera se tocan temas de de ámbito descriptivo: se introduce el trabajo, se trata el proceso de enderezado, se comenta la planificación del proyecto, se desglosan las distintas partes de la máquina...&#xd;
En la segunda parte se encuentran los anexos de cálculos, donde se muestran las deducciones realizadas y sus correspondientes procedimientos para tomar las decisiones que se aplican en el diseño, como son la selección de elementos comerciales, y comprovación de viabilidad de elementos diseñados.&#xd;
Finalmente, en el tercer apartado, se encuentran los manuales y/o fichas técnicas de los elementos comerciales seleccionados que, no sólo ofrecen información del elemento en cuestión, aportando dimensiones, material del que está realizado, condiciones de trabajo, etcétera, sino que con esto también muestran la viabilidad de éste.</subfield>
   </datafield>
   <datafield tag="653" ind2=" " ind1=" ">
      <subfield code="a">Àrees temàtiques de la UPC::Enginyeria mecànica</subfield>
   </datafield>
   <datafield tag="653" ind2=" " ind1=" ">
      <subfield code="a">Machine design</subfield>
   </datafield>
   <datafield tag="653" ind2=" " ind1=" ">
      <subfield code="a">Maquinària -- Disseny</subfield>
   </datafield>
   <datafield ind2="0" ind1="0" tag="245">
      <subfield code="a">Diseño de máquina de corte y enderezado de varilla</subfield>
   </datafield>
</record></metadata></record></GetRecord></OAI-PMH>